বিদ্যাসাগর রচনাসম্ভার / (Record no. 49272)
[ view plain ]
| 000 -LEADER | |
|---|---|
| fixed length control field | 01024nam a22002417a 4500 |
| 001 - CONTROL NUMBER | |
| control field | 49272 |
| 003 - CONTROL NUMBER IDENTIFIER | |
| rucl marc code | BD-RjUL |
| 005 - DATE AND TIME OF LATEST TRANSACTION | |
| control field | 20211209054646.0 |
| 008 - FIXED-LENGTH DATA ELEMENTS--GENERAL INFORMATION | |
| fixed length control field | 160820r19751957ii ||||| |||| 00| 0 ben d |
| 020 ## - INTERNATIONAL STANDARD BOOK NUMBER | |
| Terms of availability | IRs 20.00 |
| 035 ## - SYSTEM CONTROL NUMBER | |
| System control number | (BD-RjUL) 49391 |
| 040 ## - CATALOGING SOURCE | |
| Original cataloging agency | BD-RjUL |
| Language of cataloging | ben |
| Transcribing agency | BD-RjUL |
| 041 ## - LANGUAGE CODE | |
| Language code of text/sound track or separate title | ben |
| 082 ## - DEWEY DECIMAL CLASSIFICATION NUMBER | |
| Edition number | 23 |
| Classification number | 891.4408 |
| Author mark and year | BIB 1975 |
| 100 ## - MAIN ENTRY--PERSONAL NAME | |
| Personal name | বিদ্যাসাগর, ঈশ্বরচন্দ্র |
| 9 (RLIN) | 148031 |
| 245 10 - TITLE STATEMENT | |
| Title | বিদ্যাসাগর রচনাসম্ভার / |
| Statement of responsibility, etc. | ঈশ্বরচন্দ্র বিদ্যাসাগর |
| 260 ## - PUBLICATION, DISTRIBUTION, ETC. (IMPRINT) | |
| Place of publication, distribution, etc. | কলিকাতা : |
| Name of publisher, distributor, etc. | মিএ ও ঘোষ পাব্ লিশাস প্রাইভেট লিমিটেড , |
| Date of publication, distribution, etc. | ১৯৭৫ [ , ১৩৮২] |
| 300 ## - PHYSICAL DESCRIPTION | |
| Pagination | ৫৩৬ পৃ. ; |
| Size | ২১ সেমি. |
| 650 ## - SUBJECT ADDED ENTRY--TOPICAL TERM | |
| Topical term or geographic name as entry element | বাংলা সাহিত্য |
| General subdivision | সংগ্রহ |
| 9 (RLIN) | 122902 |
| Topical term or geographic name as entry element | Bengali literature |
| General subdivision | Collection |
| 9 (RLIN) | 122903 |
| 700 ## - ADDED ENTRY--PERSONAL NAME | |
| Personal name | বিশী, প্রমথনাথ |
| 942 ## - ADDED ENTRY ELEMENTS (KOHA) | |
| Source of classification or shelving scheme | Dewey Decimal Classification |
| Koha item type | Books |
| Lost status | Source of classification or shelving scheme | Damaged status | Not for loan | Collection code | Permanent Location | Current Location | Shelving location | Date acquired | Source of acquisition | Cost, normal purchase price | Total Checkouts | Total Renewals | Full call number | Date last seen | Date checked out | Copy number | Koha item type |
|---|---|---|---|---|---|---|---|---|---|---|---|---|---|---|---|---|---|
| Dewey Decimal Classification | Non-fiction | Central Library, University of Rajshahi | Central Library, University of Rajshahi | 20/11/1978 | India International, kolikata | 20.00 | 3 | 1 | B 891.4408 BIB 1975 | 12/10/2025 | 28/09/2025 | C-2 | Books | ||||
| Dewey Decimal Classification | Not For Loan | Non-fiction | Central Library, University of Rajshahi | Central Library, University of Rajshahi | Reading Room | 18/08/1973 | India Govt. | B 891.4408 BIB 1969 | 06/05/2017 | C-1 | Books |